二桁セーブ経験のある現役選手(2026) - Statistics

General Stats
  • This quiz has been taken 65 times
  • The average score is 24 of 37
Answer Stats
現所属 達成年 選手名 % Correct
巨人 2020~25年 マルティネス
96%
阪神 2022~25年 岩崎優
94%
DeNA 2015~19,22,23年 山﨑康晃
94%
中日 2025年 松山晋也
92%
ロッテ 2013,16,19~24年 益田直也
92%
巨人 2022~24年 大勢
90%
広島 2021~25年 栗林良吏
90%
オリックス 2013~17,21~23年 平野佳寿
90%
ソフトバンク 2022~24年 オスナ
84%
阪神 2017~19年 ドリス
82%
ソフトバンク 2025年 杉山一樹
82%
オリックス 2024,25年 マチャド
82%
ヤクルト 2013,18~21,25年 石山泰稚
80%
日本ハム 2023~25年 田中正義
80%
DeNA 2023,24年 森原康平
76%
西武 2021,25年 平良海馬
76%
ヤクルト 2023年 田口麗斗
72%
広島 2015~18年 中崎翔太
70%
巨人 2024,25年 則本昂大
64%
ソフトバンク 2024年 松本裕樹
64%
DeNA 2025年 入江大生
62%
DeNA 2025年 伊勢大夢
62%
中日 2012年 涌井秀章
62%
楽天 2025年 藤平尚真
60%
巨人 2019,23年 中川皓太
58%
広島 2025年 森浦大輔
56%
ヤクルト 2025年 星知弥
52%
ソフトバンク 2022年 モイネロ
52%
ロッテ 2025年 横山陸人
52%
ロッテ 2014~16年 西野勇士
50%
日本ハム 2025年 柳川大晟
46%
日本ハム 2014,15年 福谷浩司
40%
ヤクルト 2024年 小澤怜史
38%
中日 2024年 アブレウ
26%
日本ハム 2021年 杉浦稔大
22%
ヤクルト 2023年 拓也
16%
オリックス 2019年 博志
16%
No matching quizzes found
Score Distribution
Percent of People with Each Score
Percentile by Number Answered
Your Score History
You have not taken this quiz